000 00938cam a2200373L 4500
001 94741
005 20230411090052.0
008 091205s1997 mau 000 u eng d
035 _a(OCoLC)ocn472908708
040 _aDKDLA
_bdan
_cDKDLA
020 _a0201339919
020 _a9780201339918
020 _a0201488396
020 _a9780201488395
029 0 _aDKDLA
_b27437122
029 1 _aDKDLA
_b28588996
035 _a(OCoLC)472908708
084 _a37.011
_2z
084 _a37.015.3
_2z
049 _aGRAL
100 1 _aLanger, Ellen J.
245 1 4 _aThe power of mindful learning.
260 _aCambridge, Mass. :
_bPerseus Publishing,
_c1997.
300 _axii, 167 p.
653 _aLµring.
653 _aOpmµrksomhed.
653 _aLigegyldighed.
653 _aVµrdien af tvivl.
653 _aLeg og lµring.
653 _aIntelligens.
942 _2lcc
_cbk
946 _asadt
994 _aC0
_bDRFGD
999 _c111940
_d111940